| 000 | 00486nam a2200169 a 4500 | ||
|---|---|---|---|
| 001 | 000028840 | ||
| 005 | 20250204092151.0 | ||
| 008 | 110412s1993 dr 000 0 spa d | ||
| 040 |
_aDO-SdBNP _bspa _cBNPHU |
||
| 082 |
_axxx _bJ25e |
||
| 100 | 1 |
_aJulia, Julio Jaime _d1922-1993 _920185 |
|
| 245 | 1 | 0 |
_aErcilia Pepin / _cJulio Jaime Julio. |
| 260 |
_aSanto Domingo : _b[s.n.], _c1993. |
||
| 300 |
_a11 p. ; _c21 cm. |
||
| 500 | _aFeria Nacional del Libro "Ercilia PepĂn" | ||
| 049 | _aBNPD | ||
| 999 |
_c28332 _d28332 |
||